1734 1716 1984 1503 1748 1176 1378 1645 1339 1319 1308 1679 1416 1944 1258 1758 1046 1100 1010 1758 1339 1727 1226 1327 1288 1013 1157 1112 1515 1634 1330 1765 1866 1407 1468 1635 1097 1524 1733 1890 1498 1617 1596 1229 1785 1883 1255 1491 1513 1997 1062 1788 1993 1485 1162 1747 1278 1315 1093 1985 1407 1993 1515 1784 1382 1008 1412 1606 1107 1130 1465 1930 1241 1618 1790 1212 1470 1860 1690 1012 1423 1517 1817 1239 1213 1193 1247 1421 1368 1823 1642 1355 1241 1096 1858 1002 1130 1116 1643 BCNSPRNW ULIB Ver.6.0+V

เปลี่ยนเป็นภาษาไทย

Change to English
 แสดงรายละเอียดบรรณานุกรม
  กลับหน้าหลัก

Brief Record : Get Marc (ISO 2709) : E-mail record : QR code < ปิดหน้าต่าง
LEADER : 00000nam 2200000uu 4500
001    13399126994
003     ULIB
008    190924s2561||||th 000 0 tha d
020    ^a9786164404373
060    ^aWY200^bจ482ก
100    ^aจินตนา วัชรสินธุ์
245    ^aการพยาบาลครอบครัวที่มีสมาชิกเจ็บป่วยเรื้อรัง
250    ^aพิมพ์ครั้งที่ 2
260    ^aชลบุรี :^bชลบุรีการพิมพ์,^c2561
300    ^a139 หน้า ;^c27 ซม.
500    ^a225 บาท
650    ^aการพยาบาลครอบครัว
650    ^aรูปแบบการบำบัดการพยาบาลครอบครัว
650    ^aการเจ็บป่วยเรื้อรัง
945    ^p225^l0^i006133
945    ^p225^l0^i006134
945    ^p225^l0^i006132
945    ^p225^l0^i006129
945    ^p225^l0^i006131
945    ^p225^l0^i006130
999    ^aประนอม เกษจรัล
รายการนี้ยังไม่มีแท็ก
คุณยังไม่ได้ล็อกอิน คุณสามารถมีกิจกรรมร่วมกับเว็บไซต์ได้ แต่ต้องล็อกอินก่อน ::
  ล็อกอิน

รายการสื่อสารสนเทศ

ลำดับที่ ประเภท เลขเรียก/บาร์โค้ด สถานที่ สถานะ
1. Book การพยาบาล
หนังสือสำรอง
สถานะ=หนังสือสำรอง
WY200 จ482ก ฉ.1 
  Barcode: 006129
ห้องสมุดวิทยาเขตสวรรค์ประชารักษ์
►หนังสือทั่วไป
บนชั้น
2. Book การพยาบาล
Book การพยาบาล
WY200 จ482ก ฉ.2 
  Barcode: 006130
ห้องสมุดวิทยาเขตสวรรค์ประชารักษ์
►หนังสือทั่วไป
บนชั้น
3. Book การพยาบาล
Book การพยาบาล
WY200 จ482ก ฉ.3 
  Barcode: 006131
ห้องสมุดวิทยาเขตสวรรค์ประชารักษ์
►หนังสือทั่วไป
บนชั้น
4. Book การพยาบาล
Book การพยาบาล
WY200 จ482ก ฉ.4 
  Barcode: 006132
ห้องสมุดวิทยาเขตสวรรค์ประชารักษ์
►หนังสือทั่วไป
บนชั้น
5. Book การพยาบาล
Book การพยาบาล
WY200 จ482ก ฉ.5 
  Barcode: 006133
ห้องสมุดวิทยาเขตสวรรค์ประชารักษ์
►หนังสือทั่วไป
บนชั้น
6. Book การพยาบาล
Book การพยาบาล
WY200 จ482ก ฉ.6 
  Barcode: 006134
ห้องสมุดวิทยาเขตสวรรค์ประชารักษ์
►หนังสือทั่วไป
บนชั้น

รายการใกล้เคียง
    ชื่อเรื่อง [การพยาบาลครอบครัวที่มีสมาชิกเจ็บป่วยเรื้อรัง]

    ผู้แต่ง [จินตนา วัชรสินธุ์]

    หัวเรื่อง [การพยาบาลครอบครัว]
    หัวเรื่อง [รูปแบบการบำบัดการพยาบาลครอบครัว]
    หัวเรื่อง [การเจ็บป่วยเรื้อรัง]

BibComment


ยังไม่เคยถูกคอมเมนท์

คอมเมนท์ทรัพยากรรายการนี้
  คอมเมนท์: การพยาบาลครอบครั..


 Copyright 2026. Bcnsprnw @Library